<?xml version="1.0" encoding="UTF-8"?>
<record
    xmlns:xsi="http://www.w3.org/2001/XMLSchema-instance"
    xsi:schemaLocation="http://www.loc.gov/MARC21/slim http://www.loc.gov/standards/marcxml/schema/MARC21slim.xsd"
    xmlns="http://www.loc.gov/MARC21/slim">

  <leader>00719nam a2200157Ia 4500</leader>
  <datafield tag="999" ind1=" " ind2=" ">
    <subfield code="c">37101</subfield>
    <subfield code="d">37101</subfield>
  </datafield>
  <datafield tag="041" ind1=" " ind2=" ">
    <subfield code="a">Hindi</subfield>
  </datafield>
  <datafield tag="082" ind1=" " ind2=" ">
    <subfield code="a">RT.0131</subfield>
  </datafield>
  <datafield tag="100" ind1=" " ind2=" ">
    <subfield code="a">&#x920;&#x93E;&#x915;&#x941;&#x930;, &#x936;&#x94D;&#x930;&#x940; &#x92D;&#x917;&#x935;&#x93E;&#x928;</subfield>
    <subfield code="u">&#x91C;&#x947;&#x90F;&#x928;&#x92F;&#x942;</subfield>
    <subfield code="v">&#x928;&#x908; &#x926;&#x93F;&#x932;&#x94D;&#x932;&#x940;</subfield>
  </datafield>
  <datafield tag="245" ind1=" " ind2="0">
    <subfield code="a">&#x92C;&#x93F;&#x939;&#x93E;&#x930; &#x92E;&#x947;&#x902; &#x905;&#x924;&#x93F; &#x92A;&#x93F;&#x91B;&#x921;&#x93C;&#x947; &#x935;&#x930;&#x94D;&#x917;&#x94B;&#x902; &#x915;&#x940; &#x930;&#x93E;&#x91C;&#x928;&#x940;&#x924;&#x93F;&#x915; &#x92D;&#x93E;&#x917;&#x940;&#x926;&#x93E;&#x930;&#x940; &#x967;&#x96F;&#x96A;&#x96D;-&#x968;&#x966;&#x967;&#x966; :</subfield>
    <subfield code="b">&#x90F;&#x915; &#x938;&#x92E;&#x940;&#x915;&#x94D;&#x937;&#x93E;&#x924;&#x94D;&#x92E;&#x915; &#x905;&#x927;&#x94D;&#x92F;&#x92F;&#x928; / </subfield>
    <subfield code="c">&#x936;&#x94D;&#x930;&#x940; &#x92D;&#x917;&#x935;&#x93E;&#x928; &#x920;&#x93E;&#x915;&#x941;&#x930;</subfield>
  </datafield>
  <datafield tag="260" ind1=" " ind2=" ">
    <subfield code="a">New Delhi : </subfield>
    <subfield code="b">ICSSR,</subfield>
    <subfield code="c">2016</subfield>
  </datafield>
  <datafield tag="300" ind1=" " ind2=" ">
    <subfield code="a">167p. ;</subfield>
  </datafield>
  <datafield tag="504" ind1=" " ind2=" ">
    <subfield code="a">Include bibliographical references.</subfield>
  </datafield>
  <datafield tag="536" ind1=" " ind2=" ">
    <subfield code="a">Indian Council of Social Science Research.</subfield>
  </datafield>
  <datafield tag="546" ind1=" " ind2=" ">
    <subfield code="a">Hindi</subfield>
  </datafield>
  <datafield tag="942" ind1=" " ind2=" ">
    <subfield code="c">RP</subfield>
    <subfield code="2">ddc</subfield>
  </datafield>
  <datafield tag="952" ind1=" " ind2=" ">
    <subfield code="0">0</subfield>
    <subfield code="1">0</subfield>
    <subfield code="4">0</subfield>
    <subfield code="7">1</subfield>
    <subfield code="8">PDF</subfield>
    <subfield code="a">NASSDOC</subfield>
    <subfield code="b">NASSDOC</subfield>
    <subfield code="d">2022-10-11</subfield>
    <subfield code="e">Gifted by: Research Fellowship Division</subfield>
    <subfield code="l">0</subfield>
    <subfield code="o">RT.0131</subfield>
    <subfield code="p">52477</subfield>
    <subfield code="r">2022-10-11 00:00:00</subfield>
    <subfield code="y">RP</subfield>
  </datafield>
</record>
